| Поле | Название | Значение |
| |
Тип записи |
a |
| |
Библиографический уровень |
m |
| 001 |
Контрольный номер |
RU/URAIT/586384 |
| 005 |
Дата корректировки |
20260429163713.4 |
| 008 |
Кодируемые данные |
260429s2026 RU y f j 000 0 rus u |
| 020 |
Индекс ISBN |
__ |
| a |
ISBN |
978-5-534-06321-9 |
| c |
Цена, тираж |
2299.00 |
| 040 |
Источник каталогиз. |
__ |
| a |
Служба первич. каталог. |
ИКО Юрайт |
| c |
Служба, преобразующая запись |
ИКО Юрайт |
| e |
Правила каталог. |
RCR |
| 041 |
Код языка издания |
__ |
| a |
Код языка текста |
rus |
| 044 |
Код страны публикации |
__ |
| a |
Код страны публикации |
RU |
| 080 |
Индекс УДК |
__ |
| a |
Индекс УДК |
340.12(075.8) |
| 084 |
Индекс другой классификации/Индекс ББК |
__ |
| 2 |
Источник индекса |
rubbk |
| a |
Индекс другой классификации/Индекс ББК |
67.0я73 |
| 100 |
Автор |
__ |
| a |
Автор |
Бялт В. С. |
| q |
Полное имя |
Бялт Виктор Сергеевич |
| 245 |
Заглавие |
__ |
| a |
Заглавие |
Теория государства и права в схемах |
| b |
Продолж. заглавия |
учебник для вузов |
| c |
Ответственность |
В. С. Бялт. |
| 256 |
Характеристики компьютерного файла |
__ |
| a |
Характеристики компьютерного файла |
Электрон. дан. |
| 260 |
Выходные данные |
__ |
| a |
Место издания |
Москва |
| b |
Издательство |
Юрайт |
| c |
Дата издания |
2026 |
| 300 |
Физическое описание |
__ |
| a |
Объем |
447 с |
| 440 |
Серия |
__ |
| a |
Серия |
Высшее образование |
| 500 |
Примечания |
__ |
| a |
Примечание |
URL: https://urait.ru/bcode/586384 (дата обращения: 29.04.2026). |
| 520 |
Аннотация |
__ |
| a |
Аннотация |
Пособие поможет освоить студентам юридических направлений основные правовые понятия, а также логику и принципы юридического мышления и восприятия правовых явлений. В книге рассматриваются основные вопросы, касающиеся изучения учебной дисциплины «Теория государства и права»: возникновение государства и права; понятие и признаки государства; форма государства; типология государств; понятие и признаки права; источники права; система права и система законодательства; правонарушения; юридическая ответственность; правовые отношения; правовые семьи и т.д. |
| 538 |
Прим. о системных особенностях |
__ |
| a |
Прим. о системных особенностях |
Режим доступа: Электронно-библиотечная система Юрайт, для авториз. пользователей |
| 653 |
Ключевые слова |
__ |
| a |
Ключевые слова |
Основы государства и права. Теория государства и права |
| 653 |
Ключевые слова |
__ |
| a |
Ключевые слова |
Юридические науки |
| 653 |
Ключевые слова |
__ |
| a |
Ключевые слова |
Теория государства и права |
| 653 |
Ключевые слова |
__ |
| a |
Ключевые слова |
Общая теория права и государства |
| 653 |
Ключевые слова |
__ |
| a |
Ключевые слова |
Основы государства и права |
| 653 |
Ключевые слова |
__ |
| a |
Ключевые слова |
Общая теория государства и права |
| 653 |
Ключевые слова |
__ |
| a |
Ключевые слова |
Теория государств и права |
| 856 |
Электронный адрес документа |
40 |
| n |
Местонахождение сервера |
Юрайт |
| g |
|
Электронная книга |
| q |
Тип электронного формата |
html |
| h |
Имя пользователя |
ЮРАЙТ |
| v |
Часы доступа к ресурсу |
20271231 |
| 2 |
Способ доступа |
Показать документ |
| x |
Служебное примечание |
https://urait.ru/book/cover/F9820C46-DE79-45F4-9D13-2CA953D877A8 |
| u |
URL |
https://urait.ru/bcode/586384 |
| 856 |
Электронный адрес документа |
48 |
| q |
Тип электронного формата |
cover |
| u |
URL |
https://urait.ru/book/cover/F9820C46-DE79-45F4-9D13-2CA953D877A8 |
| 911 |
|
__ |
| u |
|
0030=https://urait.ru/bcode/586384 |
| 911 |
|
__ |
| u |
|
073a=9785534063219 |
| u |
|
073d=2299.00 |
| 911 |
|
__ |
| u |
|
106a=s |
| 911 |
|
__ |
| u |
|
900l= |
| 952 |
Тип литературы |
__ |
| i |
Дисциплина |
Теория государства и права |
| 952 |
Тип литературы |
__ |
| i |
Дисциплина |
Общая теория права и государства |
| 952 |
Тип литературы |
__ |
| i |
Дисциплина |
Основы государства и права |
| 952 |
Тип литературы |
__ |
| i |
Дисциплина |
Общая теория государства и права |
| 952 |
Тип литературы |
__ |
| i |
Дисциплина |
Теория государств и права |